| 000 | 00620nam a2200229Ia 4500 | ||
|---|---|---|---|
| 003 | OSt | ||
| 005 | 20221005083816.0 | ||
| 006 | a|||||r|||| 00| 0 | ||
| 007 | ta | ||
| 008 | 221004b |||||||| |||| 00| 0 eng d | ||
| 024 | _a103796 | ||
| 037 | _cTextual | ||
| 040 |
_aCRL _cCRL _beng |
||
| 041 |
_2eng _aeng |
||
| 082 | _aAxM94, N3 | ||
| 100 |
_aKrishna V V _9518587 |
||
| 245 | 0 | _aS S Bhatnagar on Science, technology and development 1938-54 | |
| 260 |
_aNew Delhi _bWiley Eastern Limited _c1993 |
||
| 650 | _aSCIENCE | ||
| 942 |
_hAxM94, N3 _cTEXL _2cc |
||
| 999 |
_c991585 _d991585 |
||